00266nam a2200097Ia 4500008004100000082001200041100002200053245007400075260000900149300001000158190415s9999 xx 000 0 und d aRL.0008 aLoomba, Ram Murti 0aIntergeneration conflict in the Indian family : A psychological study c1971 a429p.